000
00326nam a2200121Ia 4500
008
190722s9999 xx 000 0 und d
020
_a
978-969-7649-00-6
100
_a
Abdul Hafeez Fazli
245
4
_a
The Quranic Theology Philosophy and Spirituality
260
_a
Lahor
_b
Present Version
_c
2016
300
_a
392
942
_c
BK
999
_c
802
_d
802